| 000 | 00821nam a2200229 a 4500 | ||
|---|---|---|---|
| 001 | 17904 | ||
| 003 | CO-ViMGA | ||
| 008 | 141112s2004 ck r 000 u spa d | ||
| 020 | _a9580460884 | ||
| 040 |
_aCO-ViMGA _bspa _cCO-ViMGA |
||
| 082 | 0 | 4 | _a658.11 K872s |
| 100 | 1 |
_aKushell, Jennifer _925323 |
|
| 245 | 1 | 0 | _aSólo para emprendedores . Aproveche su juventud , ambición e independencia para crear un negocio exitoso |
| 260 |
_aBogotá, _cNorma, _c2001 |
||
| 300 | _a306.p. | ||
| 505 | _aIntroducción a la creación de empresas Planeación . La clave del exito Lanzar su empresa Crear una imagen profesional | ||
| 590 | _aForma de adquisición : Premio - Mincultura | ||
| 650 | 1 | 4 |
_aAPTITUD CREADORA EN LOS NEGOCIOS _922680 |
| 650 | 1 | 4 |
_aEMPRESARIOS INDUSTRIALES _925324 |
| 650 | 1 | 4 | _aNEGOCIOS |
| 942 |
_2ddc _cBK |
||
| 999 |
_c27308 _d27308 |
||